HANDBOOK OF DAIRY PRODUCTS (Record no. 216173)

MARC details
000 -LEADER
fixed length control field 00410nam a22001577a 4500
008 - FIXED-LENGTH DATA ELEMENTS--GENERAL INFORMATION
fixed length control field 251112b |||||||| |||| 00| 0 eng d
020 ## - INTERNATIONAL STANDARD BOOK NUMBER
International Standard Book Number 979-8-88715-014-7
100 ## - MAIN ENTRY--PERSONAL NAME
Personal name FERNANDES SOPHIA
245 ## - TITLE STATEMENT
Title HANDBOOK OF DAIRY PRODUCTS
260 ## - PUBLICATION, DISTRIBUTION, ETC.
Place of publication, distribution, etc. DUBLIN OH
Name of publisher, distributor, etc. ORYSON PRESS
Date of publication, distribution, etc. 2023
300 ## - PHYSICAL DESCRIPTION
Extent XII,332P.
500 ## - GENERAL NOTE
General note INCLUDES AN INDEX
650 ## - SUBJECT ADDED ENTRY
Topical term or geographic name entry element DAIRY PRODUCTS
942 ## - ADDED ENTRY ELEMENTS (KOHA)
Source of classification or shelving scheme Library of Congress Classification
Koha item type Long Loan Book
Holdings
Withdrawn status Lost status Source of classification or shelving scheme Damaged status Not for loan Collection Home library Current library Shelving location Date acquired Inventory number Total checkouts Full call number Barcode Date last seen Copy number Price effective from Koha item type
    Library of Congress Classification     Science & Technology Kisii University Library Kisii University Library On Display 11/12/2025 109724   SF 251 .F47 2023 000000023541 11/12/2025 C.1 11/12/2025 Long Loan Book
    Library of Congress Classification     Science & Technology Kisii University Library Kisii University Library On Display 11/12/2025 109723   SF 251 .F47 2023 000000023542 11/12/2025 C.2 11/12/2025 Long Loan Book
    Library of Congress Classification     Science & Technology Kisii University Library Kisii University Library On Display 11/12/2025 109722   SF 251 .F47 2023 000000023543 11/12/2025 C.3 11/12/2025 Long Loan Book
    Library of Congress Classification     Science & Technology Kisii University Library Kisii University Library On Display 11/12/2025 109721   SF 251 .F47 2023 000000024840 11/12/2025 C.4 11/12/2025 Long Loan Book